000
00212nam a22000857a 4500
008
170327b xxu||||| |||| 00| 0 eng d
100
_9
3047
_a
Misra.M.etal.
245
_a
Social Science-X
260
_a
New delhi
_b
APC
_c
2010
999
_c
6313
_d
6313